000 00233nam a22000857a 4500
008 160914b xxu||||| |||| 00| 0 eng d
100 _9476
_aKumar.S. etal
245 _aEnglish Communicative-1
260 _aNew Delhi
_bFrank Publications
_c2011
999 _c3133
_d3133